Normal view
MARC view
- الربيعي، كمال حسن جمعة، م.مشارك فارس جميل حسين الصوفي
Entry Personal Name
001 - CONTROL NUMBER
- control field: 57929
003 - CONTROL NUMBER IDENTIFIER
- control field: JO-AjAnu
005 - DATE AND TIME OF LATEST TRANSACTION
- control field: 20230606083501.0
008 - FIXED-LENGTH DATA ELEMENTS
- fixed length control field: 230606|| aca||aabn | a|a d
040 ## - CATALOGING SOURCE
- Original cataloging agency: JO-AjAnu
- Transcribing agency: JO-AjAnu
100 ## - HEADING--PERSONAL NAME
- Personal name: الربيعي، كمال حسن جمعة، م.مشارك فارس جميل حسين الصوفي
670 ## - SOURCE DATA FOUND
- Source citation: Work cat.: (JO-AjAnu)29556: الربيعي، كمال حسن جمعة، م.مشارك فارس جميل حسين الصوفي, author, النظرية المحاسبية = Accounting Theory